Paroles : Ils ont le pétrole mais c'est tout - Michel Sardou - Statistiques

Statistiques générales
  • Ce quiz a été pris 41 fois
  • Le résultat moyen est 198 sur 249
Statistiques - réponses
Paroles % Correct
a
100%
à
100%
c'
100%
d'
100%
Ils
100%
ils
100%
ils ?
100%
le
100%
mais
100%
Mais
100%
n'
100%
On
100%
on
100%
ont
100%
pétrole
100%
Pétrole
100%
pétrole,
100%
ça.
96%
ça
96%
de
96%
des
96%
du
96%
est
96%
les
96%
pas
96%
Pas
96%
pas.
96%
qu'
96%
que
96%
s'
96%
tout.
96%
vin,
96%
vin
96%
bon
93%
et
93%
La
93%
la
93%
au
89%
bien.
89%
bien !
89%
Nous,
86%
pain,
86%
pour
86%
en
82%
un
82%
dans
79%
Dom
75%
je
75%
ne
75%
caetera.
71%
eau.
71%
mon
71%
ta
71%
ans.
68%
dollars
68%
dollars,
68%
mille
68%
très
68%
blanc,
64%
main
64%
maison.
64%
maison,
64%
moins
64%
64%
Pérignon.
64%
sables
64%
sœur.
64%
binious.
61%
champs,
61%
chauds !
61%
cœur.
61%
idées,
61%
plus
61%
viens
61%
blés
57%
trente
57%
ami
54%
barils,
54%
boira
54%
Bretagne,
54%
Cette
54%
demanderai
54%
désaltère
54%
Gaulois
54%
latin.
54%
Paradis
54%
Quand
54%
Sahara !
54%
Tu
54%
vont-
54%
Alpes,
50%
Altesse,
50%
boire,
50%
chanson
50%
chauvins.
50%
Chez
50%
Évian
50%
huîtres
50%
montagne,
50%
neige
50%
pension.
50%
sort
50%
têtes
50%
the
50%
adresse
46%
appelle
46%
bijoux,
46%
grognards
46%
jus
46%
lard,
46%
puit
46%
sec,
46%
sera
46%
ton
46%
brave
43%
cailloux,
43%
citron,
43%
garçon
43%
mangeras
43%
Martel
43%
Mecque,
43%
Poitiers.
43%
rocks,
43%
compagnons.
39%
cul-sec,
39%
futé,
39%
gaspy
39%
vieux
39%
bidons.
36%
grands
36%
magasins,
36%
personne
32%
Parce
29%
mannequins,
21%
Aucun quiz correspondant
Distribution des résultats
% des personnes avec chaque résultat
Percentile par nombre de réponses
Votre historique - résultats
Vous n’avez pas pris ce quiz